Las invasiones, el segundo asalto contra la Europa cristiana / (Record no. 113062)

MARC details
000 -LEADER
campo de control de longitud fija 00564nam a2200181 4500
001 - NÚMERO DE CONTROL
campo de control 113062
003 - IDENTIFICADOR DE NÚMERO DE CONTROL
campo de control ES-MaACL
005 - FECHA Y HORA DE LA ÚLTIMA TRANSACCIÓN
campo de control 20230906185735.0
007 - CAMPO FIJO DE DESCRIPCIÓN FÍSICA--INFORMACIÓN GENERAL
campo de control de longitud fija t|
008 - DATOS DE LONGITUD FIJA--INFORMACIÓN GENERAL
campo de control de longitud fija 061121s1968 sp r ||||1| spa d
100 1# - ENTRADA PRINCIPAL--NOMBRE DE PERSONA
Nombre de persona Musset, Lucien.
9 (RLIN) 84693
245 14 - MENCIÓN DEL TÍTULO
Título Las invasiones, el segundo asalto contra la Europa cristiana /
Mención de responsabilidad, etc. Lucien Musset ; Traducción por Juan Viñoly.
250 ## - MENCION DE EDICION
Mención de edición [1ª ed.].
260 ## - PUBLICACIÓN, DISTRIBUCIÓN, ETC.
Lugar de publicación, distribución, etc. Barcelona :
Nombre del editor, distribuidor, etc. Labor,
Fecha de publicación, distribución, etc. 1968.
300 ## - DESCRIPCIÓN FÍSICA
Extensión XV, 259 p. con 5 map. ;
Dimensiones 20 cm.
700 1# - ENTRADA AGREGADA--NOMBRE PERSONAL
Nombre de persona Viñoly, Juan.
9 (RLIN) 115398
852 ## - LOCALIZACIÓN
Ubicación ES-MaACL
Número de control de estantería C-34742
Sublocalización o colección R.67011
Holdings
Estatus retirado Estado de pérdida Estado de daño No para préstamo Biblioteca de origen Biblioteca actual Ubicación en estantería Fecha de adquisición Fuente de adquisición Total de préstamos Signatura topográfica completa Código de barras Visto por última vez Precio de reemplazo Tipo de ítem Koha
        Biblioteca del Ateneo de Madrid Biblioteca del Ateneo de Madrid Depósito 2 17/01/2008     C-34742 1117933 23/02/2023 23/02/2023 Libro impreso